Statystyki dla Odpowiedź Zaczyna się na "B"

Kliknij tutaj aby rozwiązać quiz!

Ogólne statystyki

  • Ten quiz został rozwiązany 26 380 razy
    (22 795 od ostatniego zresetowania)
  • Średni wynik to 16 z 24

Statystyki odpowiedzi

PytanieOdpowiedź% Poprawnych
Jaką nazwę nosi kraj graniczący z między innymi z Francją i Niemcami?Belgia
98%
Jaką nazwę nosi jeden z tak zwanych "kolorów neutralnych"?Biały
94%
Jaką nazwę nosi się stolica Słowacji?Bratysława
92%
Jak nazywa się przypadek w deklinacji, który odpowiada na pytania "kogo?" "co?"?Biernik
92%
Jak określa się ulewę, której towarzyszą wyładowania elektryczne?Burza
91%
Jak nazywa się gryzoń wodny, znany z budowania "tam" na rzece?Bóbr
89%
Jaką nazwę nosi miasto będące stolicą województwa Podlaskiego?Białystok
86%
Jak nazywa się przyrząd do pomiaru ciśnienia atmosferycznego?Barometr
86%
Jaką nazwę nosi klub piłkarski z Monachium?Bayern Monachium
84%
Jak ogólnie nazywa się nauka przyrodnicza zajmująca się badaniem
życia i organizmów żywych?
Biologia
82%
Jak nazywa się półwysep na którym znajdują się takie kraje jak Albania,
Macedonia Północna czy Bośnia i Hercegowina?
Bałkański
81%
Jaką nazwę nosi najmniej zasolone morze świata?Bałtyk
79%
Jaką nazwę nosi rzeka płynąca wzdłuż wschodniej granicy Polski?Bug
76%
Jaką nazwę nosi występujący w Polsce gatunek dużego ptaka z rodziny kurowatych?Bażant
64%
Jaką nazwę nosi największy park narodowy w Polsce?Biebrzański Park
Narodowy
59%
Jak nazywa się pozostawanie w związku małżeński z dwoma osobami jednocześnie?Bigamia
55%
Pod jakim innym imieniem pisał polski pisarz Aleksander Głowacki?Bolesław
53%
Jak potocznie określało się pobór do wojska rosyjskiego w 1863?Branka
51%
Jaką nazwę nosi państwo wyspiarskie na morzu karaibskim, którego
stolicą jest miasto Nassau?
Bahamy
49%
Jak nazywa się budowla obronna, stanowiąca element starożytnego i średniowiecznego muru
obronnego w postaci wysunięcia jego fragmentu przed lico i wzniesienia ponad jego poziom?
Baszta
37%
Jaką nazwę nosi cieśnina łączącą Morze Czarne z Morzem Marmara, położona między
Półwyspem Bałkańskim a Azją Mniejszą?
Bosfor
35%
Jak miał na nazwisko reżyser takich filmów jak "Miś" oraz "Alternatywy 4"?Bareja
34%
Jaką inną nazwę nosi "Lilak Pospolity"?Bez
33%
Jak nazywa się region administracyjny we Francji, którego stolicą jest miasto Dijon?Burgundia
20%

Rozkład punktacji

Percentyl według liczby udzielonych odpowiedzi

Procent ludzi z każdym wynikiem

Twoja historia wyników

Nie rozwiązałeś tego quizu od ostatniego zresetowania